Mechanism of improved aged rubber-to-brass adhesion using one-component resins (Record no. 62768)

MARC details
000 -LEADER
fixed length control field 00407nam a2200133Ia 4500
100 ## - MAIN ENTRY--AUTHOR NAME
Personal name Patil Pankaj Y
245 #0 - TITLE STATEMENT
Title Mechanism of improved aged rubber-to-brass adhesion using one-component resins
260 ## - PUBLICATION, DISTRIBUTION, ETC. (IMPRINT)
Name of publisher Rubber Chemistry and Technology
Year of publication 2005
300 ## - PHYSICAL DESCRIPTION
Number of Pages 155-173
650 ## - SUBJECT ADDED ENTRY--TOPICAL TERM
Topical Term Rubber-to-brass adhesion
700 ## - ADDED ENTRY--PERSONAL NAME
Personal name Ooij William J van
942 ## - ADDED ENTRY ELEMENTS (KOHA)
Koha item type Journals
Holdings
Withdrawn status Lost status Damaged status Not for loan Home library Current library Shelving location Date acquired Serial Enumeration / chronology Koha item type
      Journals RRII Library RRII Library Rubber chemistry 17/12/2021 Volume 78, Issue 1 Journals